00446nam a2200181 a 4500001001300000003000900013005001700022008004100039020002300080082001300103100001600116245003400132260002500166300000900191500003500200650001300235700001600248nice12345678IN_TiNIC20260116014929.0100921s1997 lona grp 000 0 eng  a9780281050338c50000a230bADA aAdam, David aMy Heartb St Aidan for Today aLondon bSPCK c1997 a153p aincludes index and biblioraphy aTheology1 aAdam, David